La miniatura indiana.

Uloženo v:
Podrobná bibliografie
Hlavní autor: Bussagli, Mario
Médium: Kniha
Jazyk:Italian
Vydáno: Milano : Fabbri, 1966.
Edice:Elite ; no.19
Témata:
LEADER 00707nam a22002051 4500
001 c000195797
003 CARM
005 20021125001700.0
008 851003s1966 it 0 ita d
019 1 |a 26499341  |z 3973065  |5 LACONCORD2021 
035 |a (OCoLC)2100195  |5 LACONCORD2021 
100 1 |a Bussagli, Mario. 
245 1 3 |a La miniatura indiana. 
260 |a Milano :  |b Fabbri,  |c 1966. 
440 0 |a Elite ;  |v no.19 
650 0 |a Painting, Miniature  |z India. 
852 8 |b CARM  |h A2:AK32A0  |i B06161  |p 0293119  |f BK 
082 0 4 |a 709 
999 f f |i b9807cb9-30b7-56a0-b04a-201481e191e2  |s b8601292-db2e-5155-926f-fb796e465c58 
952 f f |p Can circulate  |a CAVAL  |b CAVAL  |c CAVAL  |d CARM 1 Store  |e B06161  |f A2:AK32A0  |h Other scheme  |i book  |m 0293119